| 000 | 01092nam a22003137a 4500 | ||
|---|---|---|---|
| 999 |
_c200449636 _d67848 |
||
| 001 | 200449636 | ||
| 003 | TR-AnTOB | ||
| 005 | 20220905163327.0 | ||
| 008 | 220905s2005 rusd|||| ||| 00| 0 rus d | ||
| 020 | _a5944090456 | ||
| 040 |
_aTR-AnTOB _beng _erda _cTR-AnTOB |
||
| 041 | 0 | _arus | |
| 050 | 1 | 4 |
_aQA401 _b.B498 2005 |
| 090 |
_aQA401 _b.B498 2005 |
||
| 100 | 1 |
_aBezruchko, B. P. _eauthor _9138335 |
|
| 245 | 1 | 0 |
_aMatematicheskoye modelirovaniye i khaoticheskiye vremennyye ryady / _cB. P. Bezruchko, D. A. Smirnov. |
| 246 | _aМатематическое моделирование и хаотические временные ряды. | ||
| 264 | 1 |
_aSaratov : _bIzdatel'stvo Gosunts Kolledzh, _c2005. |
|
| 300 |
_a320 pages : _bcharts ; _c21 cm |
||
| 336 |
_2rdacontent _atext _btxt |
||
| 337 |
_2rdamedia _aunmediated _bn |
||
| 338 |
_2rdacarrier _avolume _bnc |
||
| 650 | 0 |
_aTime-series analysis _93619 |
|
| 650 | 0 |
_aMathematical models _923766 |
|
| 653 | _aMathematical modeling. | ||
| 700 | 1 |
_aSmirnov, D. A. _eatuhor _9138336 |
|
| 942 |
_2lcc _cBK |
||